000 01057nam0a22002771 4500
001 v19\rc\1485867
005 20250618195834.0
035 _a(NLR Aleph) 004686748
090 _a3880893
_c3880893
100 _a20060620d1914 |||y0rusy50 ca
101 0 _arus
102 _aRU
105 _ay z |||||
200 1 _aСлужебная книжка строевого офицера
_fГ.Э. Гоффман
205 _a16-е изд.
210 _aСанкт-Петербург
_cВ.А. Березовский
_d1914
215 _aVIII, 490 с.
_d21
532 1 3 _aСлужебная книжка письмоводство строевого офицера и подпрапорщика
700 1 _aГоффман
_bГ.Э.
_f1850-
_gГенрих Эрнестович
_4220
702 1 _4570
_7ca
_8rus
_aЗащук
_bИ. И.
_f1845-1918
_gИосиф Иосифович
_9210938
_3RU\NLR\AUTH\770210994
790 0 _9z01702
_aИ.З.
_f1845-
801 0 _aRU
_bNLR
_gpsbo
801 1 _aRU
_bProSoft-M
_2rusmarc
852 _aNLR
_j37.39.6.30
942 _cBOOK
980 _aNB